1418 1588 1462 1917 1784 1360 1640 1948 1896 1248 1160 1642 1328 1276 1909 1575 1104 1843 1744 1906 1504 1515 1231 1838 1314 1556 1273 1832 1937 1923 1094 1173 1662 1765 1776 1934 1935 1423 1911 1293 1348 1700 1047 1223 1640 1830 1644 1933 1019 1713 1366 1074 1095 1467 1759 1231 1610 1728 1463 1642 1097 1838 1474 1047 1466 1288 1406 1133 1861 1508 1361 1727 1671 1628 1406 1237 1741 1245 1844 1709 1052 1141 1359 1961 1875 1840 1208 1206 1020 1012 1103 1931 1324 1058 1468 1478 1764 1980 1894 BCNSPRNW ULIB Ver.6.0+V

เปลี่ยนเป็นภาษาไทย

Change to English
 แสดงรายละเอียดบรรณานุกรม
  กลับหน้าหลัก

Brief Record : Get Marc (ISO 2709) : E-mail record : QR code < ปิดหน้าต่าง
LEADER : 00000nam 2200000uu 4500
001    13399128433
003     ULIB
008    020711s2021 th a 000 0 eng d
020    ^a9781119642305
060    ^aWY193^bP363T
100    Peate, Ian.
245    The Nursing Associate s Handbook of Clinical Skills
250    1st ed
260    Hoboken, NJ :^bWiley-Blackwell,^c2021
300    567 pages;^b29 cm
650    ^aNursing Assistants
650    ^aNursing Care-methods
945    ^p1130^l0^i010191
999    ^aประนอม เกษจรัล
รายการนี้ยังไม่มีแท็ก
คุณยังไม่ได้ล็อกอิน คุณสามารถมีกิจกรรมร่วมกับเว็บไซต์ได้ แต่ต้องล็อกอินก่อน ::
  ล็อกอิน

รายการสื่อสารสนเทศ

ลำดับที่ ประเภท เลขเรียก/บาร์โค้ด สถานที่ สถานะ
1. Book การพยาบาล
หนังสือสำรอง
สถานะ=หนังสือสำรอง
WY193 P363T ฉ.1 
  Barcode: 010191
ห้องสมุดวิทยาเขตสวรรค์ประชารักษ์
►หนังสือทั่วไป
บนชั้น

รายการใกล้เคียง
    หัวเรื่อง [Nursing Assistants]
    หัวเรื่อง [Nursing Care-methods]

BibComment


ยังไม่เคยถูกคอมเมนท์

คอมเมนท์ทรัพยากรรายการนี้
  คอมเมนท์: The Nursing Assoc..


 Copyright 2026. Bcnsprnw @Library